Equipe Type Real Madrid saison 2025/2026 - Statistiques

Statistiques générales
  • Ce quiz a été pris 96 fois
    16 depuis la dernière actualisation
  • Le résultat moyen est 10 sur 11
Statistiques - réponses
% Correct
Kylian Mbappé
100%
Thibaut Courtois
100%
Vinicius Jr.
100%
Antonio Rüdiger
92%
Jude Bellingham
92%
Rodrygo
92%
Aurélien Tchouaméni
85%
Álvaro Carreras
77%
Arda Güler
77%
Dean Huijsen
77%
Federico Valverde
77%
Aucun quiz correspondant
Distribution des résultats
% des personnes avec chaque résultat
Percentile par nombre de réponses
Votre historique - résultats
Vous n’avez pas pris ce quiz depuis la dernière actualisation